| 000 | 00459nam a2200181Ia 4500 | ||
|---|---|---|---|
| 008 | 120824t1987 xxu||||| |||| 00| 0 sin d | ||
| 041 | _asin | ||
| 080 |
_a8 S. 03 : 820 - 31 _b13) |
||
| 100 | _aVelse,H. G. | ||
| 245 | _aකාල යානය | ||
| 246 | _aKala Yanaya | ||
| 260 |
_aM. D. Gunasena _aColombo _c1987 |
||
| 300 | _b120p, 18 cm | ||
| 700 |
_aAlpoonsu,Dewid _etr. |
||
| 942 | _cBK | ||
| 999 |
_c39833 _d39833 |
||
| 003 | LK-CoDNM | ||
| 040 |
_aLK-CoDNM _dLK-CoDNM _eLK-CoDNM |
||